Sports Quiz

Random Sports or MLB Quiz

A Decade of Sports (1940s) Quiz Stats

 Plays Quiz Updated Jun 27, 2017

Challenge
Share
Tweet
Score 0/55 Timer 05:00
3 Plays Today
Event Team % Correct
World Series ChampionsNew York Yankees
97.4%
World Series ChampionsNew York Yankees
97.4%
World Series ChampionsNew York Yankees
97.4%
World Series ChampionsNew York Yankees
97.4%
Stanley Cup ChampionsMontreal Canadiens
87.4%
Stanley Cup ChampionsMontreal Canadiens
87.4%
Most Olympic MedalsUnited States of America
86.6%
Stanley Cup ChampionsToronto Maple Leafs
85.1%
Stanley Cup ChampionsToronto Maple Leafs
85.1%
Stanley Cup ChampionsToronto Maple Leafs
85.1%
Stanley Cup ChampionsToronto Maple Leafs
85.1%
Stanley Cup ChampionsToronto Maple Leafs
85.1%
NFL ChampionsChicago Bears
84.2%
NFL ChampionsChicago Bears
84.2%
NFL ChampionsChicago Bears
84.2%
NFL ChampionsChicago Bears
84.2%
NFL ChampionsGreen Bay Packers
82.8%
Stanley Cup ChampionsBoston Bruins
81.4%
World Series ChampionsCincinnati Reds
81.1%
Stanley Cup ChampionsDetroit Red Wings
80.8%
NCAA DI Basketball ChampionsStanford Indians
79.3%
Stanley Cup ChampionsNew York Rangers
77.7%
World Series ChampionsSt. Louis Cardinals
75.2%
World Series ChampionsSt. Louis Cardinals
75.2%
World Series ChampionsSt. Louis Cardinals
75.2%
NFL ChampionsChicago Cardinals
75%
NCAA DI Football ChampionsNotre Dame Fighting Irish
73%
NCAA DI Football ChampionsNotre Dame Fighting Irish
73%
Event Team % Correct
NCAA DI Football ChampionsNotre Dame Fighting Irish
73%
NCAA DI Football ChampionsNotre Dame Fighting Irish
73%
World Series ChampionsCleveland Indians
66.9%
Most Olympic MedalsNorway, Sweden, and Switzerland (tie)
66.8%
World Series ChampionsDetroit Tigers
63.9%
NCAA DI Football ChampionsMichigan Wolverines
63.3%
NCAA DI Basketball ChampionsKentucky Wildcats
63.1%
NCAA DI Basketball ChampionsKentucky Wildcats
63.1%
NFL ChampionsPhiladelphia Eagles
61.7%
NFL ChampionsPhiladelphia Eagles
61.7%
NCAA DI Football ChampionsOhio State Buckeyes
60.8%
NFL ChampionsWashington Redskins
54.2%
BAA ChampionsMinneapolis Lakers
54.2%
NCAA DI Football ChampionsArmy Cadets
53.8%
NCAA DI Football ChampionsArmy Cadets
53.8%
NCAA DI Basketball ChampionsIndiana Hoosiers
50.5%
NCAA DI Basketball ChampionsOklahoma A&M Aggies (now Oklahoma State)
45.9%
NCAA DI Basketball ChampionsOklahoma A&M Aggies (now Oklahoma State)
45.9%
NFL ChampionsCleveland Rams
44.6%
NCAA DI Football ChampionsMinnesota Golden Gophers
39.2%
NCAA DI Football ChampionsMinnesota Golden Gophers
39.2%
NCAA DI Basketball ChampionsWyoming Cowboys
38.5%
NCAA DI Basketball ChampionsWisconsin Badgers
34.8%
BAA ChampionsPhiladelphia Warriors
31.9%
NCAA DI Basketball ChampionsHoly Cross Crusaders
21.3%
BAA ChampionsBaltimore Bullets (not related to current Washington Wizards)
19.9%
NCAA DI Basketball ChampionsUtah Utes
18.1%

You're not logged in!

Compare scores with friends on all Sporcle quizzes.
Join for Free
OR
Log In

You Might Also Like...

Show Comments

Extras

Top Quizzes Today


Score Distribution

Your Account Isn't Verified!

In order to create a playlist on Sporcle, you need to verify the email address you used during registration. Go to your Sporcle Settings to finish the process.

Report this User

Report this user for behavior that violates our Community Guidelines.

Details: